Animal breeding and infertility

Сохранить в:
Библиографические подробности
Главный автор: Meredith, Michael J.
Формат:
Язык:Undetermined
Опубликовано: London Blackwell science 1995
Предметы:
Метки: Добавить метку
Нет меток, Требуется 1-ая метка записи!
Thư viện lưu trữ: Trung tâm Học liệu Trường Đại học Cần Thơ
LEADER 00486nam a2200181Ia 4500
001 CTU_125829
008 210402s9999 xx 000 0 und d
082 |a 636.082 
082 |b M559 
100 |a Meredith, Michael J. 
245 0 |a Animal breeding and infertility 
245 0 |c Michael J. Meredith 
260 |a London 
260 |b Blackwell science 
260 |c 1995 
650 |a Animal breeding 
904 |i Hiếu 
980 |a Trung tâm Học liệu Trường Đại học Cần Thơ